000 00786nam a2200253Ia 4500
003 OSt
005 20220923224623.0
006 a|||||r|||| 00| 0
007 ta
008 220922b |||||||| |||| 00| 0 san d
024 _a247,888
037 _cTextual
040 _aARTS
_cARTS
_bsan
041 _2san
_asan
082 _aO15,2D70,3, 152M1
100 _aझा, किशोरनाथ
245 0 _aउत्तररामचरितम्
246 _aUttararāmacharitam
260 _aलखनऊ
_b प्रकाशन केन्द्र
_c1981
300 _a448पृ0
_ccm.
650 _aसंस्कृत साहित्य
942 _hO15,2D70,3, 152M1
_cTEXL
_2CC
999 _c372566
_d372566